| 000 | 01032nam a2200289 a 4500 | ||
|---|---|---|---|
| 001 | 25691 | ||
| 003 | CO-ViMGA | ||
| 008 | 141112s2004 ck r 000 u spa d | ||
| 020 | _a9789588562278 | ||
| 040 |
_aCO-ViMGA _bspa _cCO-ViMGA |
||
| 041 | _aSPA | ||
| 082 | 0 | 4 | _a792.0986 L15t |
| 100 | 1 |
_aLamus Obregón, Marina _918340 |
|
| 245 | 1 | 0 |
_aTeatro Siglo XIX : _bcompañías nacionales y viajeras / _cMarina Lamus Obregón |
| 250 | _a2a ed., 1a reimpr | ||
| 260 |
_aMedellín : _bTragaluz, _c2013 |
||
| 300 | _a536 p. | ||
| 490 | _aCalas Históricas | ||
| 500 | _aIncluye bibliografía teatral y de referencia. | ||
| 650 | 1 | 4 |
_aARTES ESCENICAS - HISTORIA - SIGLO XIX _939552 |
| 650 | 1 | 4 |
_aCOMPAÑIAS DE TEATRO - América LATINA - SIGLO XIX _939553 |
| 650 | 1 | 4 |
_aCOMPAÑIAS DE TEATRO - COLOMBIA - SIGLO XIX _939554 |
| 650 | 1 | 4 |
_aCOMPAÑIAS DE TEATRO - ESPAÑA - SIGLO XIX _939555 |
| 650 | 1 | 4 |
_aTEATRO COLOMBIANO - HISTORIA - SIGLO XIX _939556 |
| 650 | 1 | 4 |
_aTEATRO MUSICAL - HISTORIA - SIGLO XIX _939557 |
| 942 |
_2ddc _cBK |
||
| 999 |
_c5259 _d5259 |
||